000 00552nam a2200169 a 4500
001 000020585
005 20200930011129.0
008 100810s2017 dr a 000 0 spa d
040 _aDO-SdBNP
_bspa
_cBNPHU
082 _axxx
_bP438si
100 1 _aPérez, Faustino
_91945
245 1 0 _aSimientes digitales /
_cFaustino Pérez ; diagramación Alexandra Deschamps.
260 _aSanto Domingo :
_bEdiciones Faustino Pérez,
_c2017.
300 _a423 p. :
_bil. ;
_c25 cm.
590 _aInventariado, 2020 /LP
700 1 _aDeschamps, Alexandra,
_ediag.
_91503
999 _c20089
_d20089